000 00657nam a2200229 a 4500
001 BRCA_3819
005 20190320204433.0
008 291109s1914----enk#######---#000-0#eng-#
041 _aeng
044 _aenk
050 4 _aF1233.5
_b.D45 1914
100 1 _aDe Kay, John Wesley.
_99947
245 1 0 _aDictators of México
_bthe land where hope marches with despair
_cby John de Kay.
260 _aLondon
_bE. Wilson
_c1914
300 _a218 p.
_c20 cm.
500 _aIncluye apéndice.
500 _aB174
650 1 4 _aMéxico
_eHistoria
_y1867-1910.
_99948
651 4 _aMéxico
_vPolítica y gobierno
_y1867-1910.
_99949
902 _aGFM
942 _2lcc
_cB
999 _c3548
_d3548